Word Ladder: Windmills Quiz Stats

 Plays Quiz Updated Dec 9, 2015

Challenge
Share
Tweet
Embed
Score 0/15 Timer 02:00
0 Plays Today
Clue 3-Letter Word % Correct
Barbie's boyfriendKEN
99.4%
The number of Biblical commandmentsTEN
99%
Fedora or beanie, e.g.HAT
98.5%
2,000 poundsTON
98.4%
Antonym of coldHOT
98.3%
✰ Lock unlocker ✰✰KEY✰
98%
Nickelodeon animated series: ___ Arnold!HEY
98%
Dried grass used for foodHAY
97.6%
Clue 3-Letter Word % Correct
✰ A garden tool used for breaking up soil ✰✰HOE✰
96.2%
PlaythingTOY
95.1%
Lower digitTOE
92.8%
Attractively shyCOY
90.7%
Low island of sandCAY
71.7%
✰ Genetic disorder: ___-Sachs Disease ✰✰TAY✰
59.1%
✰ Bluth known for directing Anastasia ✰✰DON✰
59%

Today's Daily Dose

You're not logged in!

Compare scores with friends on all Sporcle quizzes.
Join for Free
OR
Log In

You Might Also Like...

Show Comments

Extras

Top Quizzes Today


Score Distribution

Your Account Isn't Verified!

In order to create a playlist on Sporcle, you need to verify the email address you used during registration. Go to your Sporcle Settings to finish the process.

Report this User

Report this user for behavior that violates our Community Guidelines.

Details: